Statistics for How much do you know about the Harry Potter series?

Click here to take the quiz!

General Stats

  • This quiz has been taken 1,445 times
    (1,415 since last reset)
  • The average score is 29 of 36

Answer Stats

QuestionAnswer% Correct
Who is the main character in this series?Harry Potter
100%
Who is his male best friend?Ron Weasley
99%
Who is the headmaster of this school?Albus Dumbledore
98%
His female best friend?Hermione Granger
98%
What is the name of the school they attend?Hogwarts
98%
Who is the potions teacher of this school?Severus Snape
98%
What house is Harry sorted into?Gryffindor
94%
Which house's symbol is a badger?Hufflepuff
94%
Who's house's symbol is a raven?Ravenclaw
94%
Which house is Draco Malfoy sorted into?Slytherin
94%
Magical creatures teacher?Rubeus Hagrid
92%
Who is the villain in this series? Hint: You-know-whoLord Voldemort
91%
What, according to legend, is the most powerful wand in the world?The Elder Wand
90%
What is the name of his three headed pet dog?Fluffy
89%
Who are the Weasly twins?Fred and George Weasly
87%
Another? (It can make the user appear invisible)Cloak of Invisibility
83%
Who teaches Harry the "Patronous Charm?"Remus Lupin
83%
What is Harry's Patronus?Stag
83%
The curse of torture?Crucio
82%
What is the "Killing Curse?"Avada Kedavra
81%
Herbology teacher?Pomana Sprout
80%
Who guards the entrance of the Gryfinndor common room?The fat lady
79%
What is "Mad-Eye" Moody's real name?Alastor Moody
78%
Who teaches "Charms?"Filius Flitwick
78%
What are the three protagonists searching for in the seventh book?Horcruxes
78%
Hermione's?Otter
77%
Their second son?Albus Severus Potter
76%
The curse, when used, can control others?Imperio
76%
Snape's?Doe
73%
What is another 'Hallow?' Hint: it can summon the dead.The Resurrection Stone
71%
Ron's?Dog
65%
Luna's?Hare
65%
Who is the ghost of Ravenclaw?The Gray Lady
64%
What is the name of Harry and Ginny's eldest son?James Potter
58%
Their youngest child?Lily Potter
56%
What actor portrays the part of Barty Crouch Jr.?David Tennant
35%

Score Distribution

Percentile by Number Answered

Percent of People with Each Score

Your Score History

You have not taken this quiz since the last reset